Identify the Country by the first line of national anthem - Statistics

General Stats
  • This quiz has been taken 28 times
  • The average score is 7 of 11
Answer Stats
Line Country % Correct
God save the queen UK
92%
Australians are young and free Australia
88%
The star spangled banner USA
88%
Jana Gana Mana India
77%
Amar shonar Bangla Bangladesh
69%
Sarii Lil majdi wal alya Saudi Arabia
69%
Humat Al hima ya humathal hima Tunisia
54%
Kassam bin nazilatil mahqa Algeria
50%
Ishy Bilady UAE
50%
Manbita Al ahram Morocco
46%
Qasaman Qasaman Qatar
38%
No matching quizzes found
Score Distribution
Percent of People with Each Score
Percentile by Number Answered
Your Score History
You have not taken this quiz